[Event "SV Dinslaken 1 - Oberhausener SV 1"]
[Site "Oberliga NRW 2017/2018"]
[Date "2018.03.11"]
[Round "7.2"]
[White "Tereick, Benjamin"]
[Black "Litwak, Aleksej"]
[Result "1-0"]
[WhiteElo "2332"]
[BlackElo "2306"]
[PlyCount "159"]
[EventDate "2018.??.??"]
[WhiteTeam "SV Dinslaken 1"]
[BlackTeam "Oberhausener SV 1"]

1. Nf3 d5 2. g3 Nf6 3. Bg2 c5 4. O-O Nc6 5. d4 e6 6. c4 Be7 7. dxc5 Bxc5 8. a3
O-O 9. b4 Be7 10. Bb2 Re8 11. Nbd2 a5 12. b5 Nb8 13. Rc1 Nbd7 14. Qc2 a4 15.
Rfd1 Qa5 16. Bc3 Qc7 17. Qb2 dxc4 18. Bd4 e5 19. b6 Qb8 20. Nxe5 Nxe5 21. Bxe5
Bxa3 22. Qxa3 Qxe5 23. Nxc4 Qxe2 24. Nd6 Rf8 25. Nxb7 Bxb7 26. Bxb7 Rab8 27.
Bf3 Qa6 28. b7 Rxb7 29. Bxb7 Qxb7 30. Qxa4 h5 31. Qc6 Qb2 32. Rc2 Qe5 33. h4
Qf5 34. Rc5 Qg4 35. Re1 Qd4 36. Rc2 Rd8 37. Rce2 Rf8 38. Qf3 g6 39. Re7 Rc8 40.
Rd1 Qb2 41. Rb7 Qe5 42. Qb3 Rf8 43. Rd3 Qa1+ 44. Kg2 Qe5 45. Rf3 Kg7 46. Qa2
Qd4 47. Ra7 Qe5 48. Ra5 Qd4 49. Qb3 Rd8 50. Ra6 Rd6 51. Rxd6 Qxd6 52. Qc3 Qa6
53. Rf4 Qa8+ 54. Kh2 Qa6 55. Qb2 Qe6 56. f3 Qd6 57. Qc3 Qb6 58. Kh3 Qa6 59. Qb2
Qe6+ 60. Kh2 Qd6 61. Kg2 Qc6 62. Rb4 Qe6 63. Rb6 Qe7 64. Kh2 Qd8 65. Kg2 Qe7
66. Rb7 Qe6 67. Rb4 Qd6 68. Rd4 Qc6 69. Rd2 Qe6 70. Qd4 Qf5 71. Rb2 Qe6 72. Rb6
Qe2+ 73. Qf2 Qe5 74. Qb2 Qe7 75. Kh2 Qd8 76. Ra6 Qe7 77. Rc6 Qd8 78. g4 hxg4
79. fxg4 g5 80. hxg5 1-0

[Event "SV Dinslaken 1 - Oberhausener SV 1"]
[Site "Oberliga NRW 2017/2018"]
[Date "2018.03.11"]
[Round "7.3"]
[White "Becker, Marcel"]
[Black "Stomberg, Thomas"]
[Result "1/2-1/2"]
[WhiteElo "2262"]
[BlackElo "2352"]
[PlyCount "52"]
[EventDate "2018.??.??"]
[WhiteTeam "Oberhausener SV 1"]
[BlackTeam "SV Dinslaken 1"]

1. d4 d5 2. c4 e6 3. Nc3 Nf6 4. cxd5 exd5 5. Bg5 c6 6. e3 Be7 7. Bd3 Nbd7 8.
Qc2 h6 9. Bh4 Nh5 10. Bxe7 Qxe7 11. Nge2 Nb6 12. h3 Be6 13. O-O-O O-O-O 14. g4
Nf6 15. Kb1 Kb8 16. Ng3 g6 17. Ka1 Rc8 18. Na4 Nxa4 19. Qxa4 Ne8 20. Rc1 Nd6
21. Rc3 Rc7 22. Rhc1 Nc8 23. Qd1 Nb6 24. Ne2 h5 25. Nf4 hxg4 26. hxg4 Qd7
1/2-1/2

[Event "SV Dinslaken 1 - Oberhausener SV 1"]
[Site "Oberliga NRW 2017/2018"]
[Date "2018.03.11"]
[Round "7.4"]
[White "Welzel, Philipp"]
[Black "Stillger, Bernhard"]
[Result "1/2-1/2"]
[WhiteElo "2187"]
[BlackElo "2272"]
[PlyCount "22"]
[EventDate "2018.??.??"]
[WhiteTeam "SV Dinslaken 1"]
[BlackTeam "Oberhausener SV 1"]

1. d4 Nf6 2. c4 e6 3. g3 Bb4+ 4. Bd2 Qe7 5. Nf3 Bxd2+ 6. Qxd2 Nc6 7. Nc3 d5 8.
Ne5 dxc4 9. Nxc6 bxc6 10. Bg2 O-O 11. Bxc6 Rb8 1/2-1/2

[Event "SV Dinslaken 1 - Oberhausener SV 1"]
[Site "Oberliga NRW 2017/2018"]
[Date "2018.03.11"]
[Round "7.5"]
[White "Kaufeld, Juergen"]
[Black "Borchert, Rene"]
[Result "1/2-1/2"]
[WhiteElo "2247"]
[BlackElo "2112"]
[Annotator "Daniel"]
[PlyCount "126"]
[EventDate "2018.??.??"]
[WhiteTeam "Oberhausener SV 1"]
[BlackTeam "SV Dinslaken 1"]

1. d4 e6 2. Nf3 Nf6 3. Bf4 d5 4. e3 Be7 5. Nbd2 O-O 6. Bd3 c5 7. c3 Nc6 8. Qe2
Re8 9. h4 c4 10. Bc2 b5 11. Ne5 Nxe5 12. dxe5 Nd7 13. Nf3 Nf8 14. Ng5 f6 15.
Nf3 b4 16. Kf1 bxc3 17. bxc3 Qa5 18. Qd2 f5 19. Rg1 h5 20. Nd4 Ba3 21. Rb1 Bd7
22. g4 hxg4 23. f3 gxf3 24. Bh6 Re7 25. Bd1 Qc7 26. Bf4 Rb8 27. Rxb8 Qxb8 28.
Bxf3 Qb1+ 29. Kf2 Qb2 30. Ke2 Ba4 31. Qxb2 Bxb2 32. Kd2 Ba3 33. Rb1 Bc5 34. h5
$11 Bb6 35. h6 g6 36. Bg5 Re8 37. Bf6 Kh7 38. Rb4 Bd7 39. a4 Bc8 40. Nb5 Nd7
41. Bg7 Ba6 42. Nd6 Rg8 43. Nf7 Rxg7 44. hxg7 Kxg7 45. Ng5 Nc5 46. Rb1 Bc7 47.
Rh1 Bxe5 48. Rh7+ Kf6 49. Nf7 Bg3 50. Nd8 Nxa4 51. Rf7+ Ke5 52. Rxa7 Nc5 53.
Rc7 Nb3+ 54. Ke2 Bb5 55. Rb7 Ba4 56. Re7 Nc5 57. Rc7 Kd6 58. Rg7 Bh4 59. Nf7+
Ke7 60. Nh8+ Kd6 61. Nf7+ Ke7 62. Nh8+ Kd6 63. Nf7+ Ke7 1/2-1/2

[Event "SV Dinslaken 1 - Oberhausener SV 1"]
[Site "Oberliga NRW 2017/2018"]
[Date "2018.03.11"]
[Round "7.6"]
[White "Ossig, Rainer"]
[Black "Kummerow, Heiko"]
[Result "1-0"]
[WhiteElo "2135"]
[BlackElo "2154"]
[PlyCount "79"]
[EventDate "2018.??.??"]
[WhiteTeam "SV Dinslaken 1"]
[BlackTeam "Oberhausener SV 1"]

1. Nf3 Nf6 2. g3 g6 3. b3 Bg7 4. Bb2 O-O 5. Bg2 d6 6. d4 e5 7. dxe5 Ng4 8. Qd2
Nc6 9. O-O Ngxe5 10. c4 Be6 11. Nc3 Re8 12. Rfd1 Rb8 13. Rab1 a6 14. Ng5 Bf5
15. e4 Bg4 16. f3 Bh6 17. fxg4 Bxg5 18. Qe2 Qc8 19. h3 Ne7 20. Qf1 Qe6 21. Kh1
c6 22. Ne2 Rbd8 23. Nf4 Qc8 24. c5 Qb8 25. Nd3 Nc8 26. cxd6 Nxd3 27. Qxd3 Rxd6
28. Qf3 Ree6 29. Rxd6 Qxd6 30. Rd1 Qe7 31. Rf1 Qc7 32. Qc3 f6 33. h4 Bh6 34. g5
Bf8 35. gxf6 Nd6 36. e5 Nf5 37. Bh3 Rxf6 38. exf6 Nxg3+ 39. Kg2 Nxf1 40. Be6+
1-0

[Event "SV Dinslaken 1 - Oberhausener SV 1"]
[Site "Oberliga NRW 2017/2018"]
[Date "2018.03.11"]
[Round "7.7"]
[White "Voge, Andreas"]
[Black "Nent, Alexander"]
[Result "1/2-1/2"]
[WhiteElo "2055"]
[BlackElo "2062"]
[PlyCount "70"]
[EventDate "2018.??.??"]
[WhiteTeam "Oberhausener SV 1"]
[BlackTeam "SV Dinslaken 1"]

1. e4 c5 2. Nf3 Nc6 3. d4 cxd4 4. Nxd4 Nf6 5. Nc3 d6 6. Bc4 Bd7 7. O-O g6 8. h3
Bg7 9. Be3 O-O 10. Qd2 Rc8 11. Bb3 a6 12. Rad1 b5 13. a3 Na5 14. Rfe1 Nc4 15.
Bxc4 Rxc4 16. Qd3 Qa8 17. b3 Rc7 18. Nde2 Rfc8 19. Bd4 e5 20. Be3 Rc6 21. Rd2
Be6 22. g4 Bc4 23. bxc4 bxc4 24. Qxd6 Rxd6 25. Rxd6 Nxe4 26. Nxe4 Qxe4 27. Red1
Qa8 28. Nc3 Bf8 29. Rd7 Qf3 30. g5 Qxh3 31. Nd5 Qg4+ 32. Kh2 Qh4+ 33. Kg2 Qg4+
34. Kh2 Qh4+ 35. Kg2 Qg4+ 1/2-1/2

[Event "SV Dinslaken 1 - Oberhausener SV 1"]
[Site "Oberliga NRW 2017/2018"]
[Date "2018.03.11"]
[Round "7.8"]
[White "Poess, Frank"]
[Black "Nissen, Claus"]
[Result "0-1"]
[WhiteElo "1985"]
[BlackElo "2100"]
[PlyCount "58"]
[EventDate "2018.??.??"]
[WhiteTeam "SV Dinslaken 1"]
[BlackTeam "Oberhausener SV 1"]

1. e4 e6 2. d4 d5 3. Nd2 Nf6 4. e5 Nfd7 5. Bd3 c5 6. c3 Nc6 7. Ne2 cxd4 8. cxd4
f6 9. exf6 Nxf6 10. Nf3 Bd6 11. O-O O-O 12. Bf4 Bxf4 13. Nxf4 Ng4 14. g3 Qf6
15. h4 e5 16. dxe5 Ngxe5 17. Nxe5 Nxe5 18. Be2 d4 19. Nh5 Qb6 20. Qd2 Bf5 21.
Nf4 Rad8 22. Rac1 Kh8 23. b4 d3 24. Bd1 Qd4 25. Rc7 Nc4 26. Qe1 Nd6 27. Qe7
Rde8 28. Qg5 Ne4 29. Qh5 Nxg3 0-1

[Event "SF Gerresheim 1 - Bochumer SV 1"]
[Site "Oberliga NRW 2017/2018"]
[Date "2018.03.11"]
[Round "7.1"]
[White "Zatonskih, Anna"]
[Black "Orlov, Andrey"]
[Result "1/2-1/2"]
[WhiteElo "2450"]
[BlackElo "2454"]
[PlyCount "33"]
[EventDate "2018.??.??"]
[WhiteTeam "Bochumer SV 1"]
[BlackTeam "SF Gerresheim 1"]

1. Nf3 Nf6 2. c4 e6 3. g3 b6 4. Bg2 Bb7 5. O-O c5 6. Nc3 Be7 7. d4 cxd4 8. Nxd4
Bxg2 9. Kxg2 Qc8 10. Qd3 O-O 11. e4 Nc6 12. Nxc6 Qxc6 13. f3 Rfd8 14. Rd1 Rac8
15. b3 d5 16. exd5 exd5 17. Nxd5 1/2-1/2

[Event "SF Gerresheim 1 - Bochumer SV 1"]
[Site "Oberliga NRW 2017/2018"]
[Date "2018.03.11"]
[Round "7.2"]
[White "Orzech, Dominik"]
[Black "Illner, Achim"]
[Result "0-1"]
[WhiteElo "2407"]
[BlackElo "2445"]
[Annotator "Daniel"]
[PlyCount "120"]
[EventDate "2018.??.??"]
[WhiteTeam "SF Gerresheim 1"]
[BlackTeam "Bochumer SV 1"]

1. d4 Nf6 2. Nf3 d5 3. c4 e6 4. Nc3 c6 5. cxd5 exd5 6. Bg5 h6 7. Bh4 Bf5 8. Qb3
g5 9. Bg3 Qb6 10. Nd2 Nbd7 11. e3 Qxb3 12. Nxb3 a5 13. Nd2 Be7 14. Be2 O-O 15.
O-O Kg7 16. Rac1 Rfc8 17. Bd1 h5 18. h4 g4 19. Bc2 Bxc2 20. Rxc2 a4 21. Bf4 Nf8
22. Rfc1 Re8 23. Ne2 N6d7 24. g3 Ne6 25. Kg2 Ndf8 26. e4 $11 Nxf4+ 27. Nxf4 Ne6
28. Nxe6+ fxe6 29. Nb1 Rf8 30. Re2 Bf6 31. Rd1 Kg6 32. Nc3 Bg7 33. Rd3 Rf7 34.
Red2 a3 35. b3 Raf8 36. exd5 exd5 37. Nb1 Rf3 38. Rxf3 gxf3+ 39. Kf1 Bh6 40.
Rd3 Bc1 41. Ke1 Bh6 42. Kd1 Kf5 43. b4 Kg4 44. Rxa3 Re8 45. Nc3 Be3 46. fxe3
Rxe3 47. Kd2 f2 48. Kxe3 f1=Q 49. Rb3 Kxg3 50. Rb1 Qf4+ 51. Kd3 Qxh4 52. Rg1+
Kf2 53. Rg7 Qh3+ 54. Kc2 Qf5+ 55. Kd2 Qf6 56. Nd1+ Kf3 57. Rxb7 Qxd4+ 58. Ke1
Qg1+ 59. Kd2 Qg2+ 60. Kc3 Qxa2 0-1

[Event "SF Gerresheim 1 - Bochumer SV 1"]
[Site "Oberliga NRW 2017/2018"]
[Date "2018.03.11"]
[Round "7.3"]
[White "Schneider, Bernd"]
[Black "Volkov, Mykyta"]
[Result "1/2-1/2"]
[WhiteElo "2287"]
[BlackElo "2178"]
[PlyCount "53"]
[EventDate "2018.??.??"]
[WhiteTeam "Bochumer SV 1"]
[BlackTeam "SF Gerresheim 1"]

1. c4 Nf6 2. Nc3 e6 3. e4 d5 4. cxd5 exd5 5. e5 Ne4 6. Nf3 Bf5 7. Qb3 Nc5 8.
Qxd5 Nc6 9. Bc4 Qxd5 10. Nxd5 O-O-O 11. d4 Nd3+ 12. Ke2 Nxc1+ 13. Raxc1 Be4 14.
Nf4 Bxf3+ 15. Kxf3 Rxd4 16. Rhe1 Bb4 17. Re4 Bd2 18. Rc2 Nxe5+ 19. Rxe5 Bxf4
20. Rf5 Bd6 21. Rxf7 Rf8 22. Rxf8+ Bxf8 23. Bg8 h6 24. Re2 Kd7 25. Be6+ Kd8 26.
g3 Be7 27. b3 1/2-1/2

[Event "SF Gerresheim 1 - Bochumer SV 1"]
[Site "Oberliga NRW 2017/2018"]
[Date "2018.03.11"]
[Round "7.4"]
[White "Dresen, Ulrich"]
[Black "Heinbuch, Detlef Ulrich"]
[Result "1/2-1/2"]
[WhiteElo "2166"]
[BlackElo "2239"]
[PlyCount "32"]
[EventDate "2018.??.??"]
[WhiteTeam "SF Gerresheim 1"]
[BlackTeam "Bochumer SV 1"]

1. d4 d5 2. Bf4 e6 3. e3 c5 4. Nf3 Nc6 5. c3 Bd6 6. Bg3 Nge7 7. Nbd2 cxd4 8.
cxd4 O-O 9. Bd3 f5 10. O-O Ng6 11. Bxd6 Qxd6 12. Nb3 b6 13. a3 Bb7 14. Rc1 Rfc8
15. Qe2 Rc7 16. Rc3 Rac8 1/2-1/2

[Event "SF Gerresheim 1 - Bochumer SV 1"]
[Site "Oberliga NRW 2017/2018"]
[Date "2018.03.11"]
[Round "7.5"]
[White "Wolter, Detlev"]
[Black "Van Lanen, Toon"]
[Result "1/2-1/2"]
[WhiteElo "2223"]
[BlackElo "2084"]
[PlyCount "62"]
[EventDate "2018.??.??"]
[WhiteTeam "Bochumer SV 1"]
[BlackTeam "SF Gerresheim 1"]

1. d4 d5 2. Bf4 c5 3. e3 Nc6 4. c3 Nf6 5. Nd2 Qb6 6. Qb3 c4 7. Qc2 Bg4 8. Ngf3
e6 9. h3 Bf5 10. Qc1 Be7 11. Be2 O-O 12. O-O Rac8 13. Ne5 Nxe5 14. Bxe5 Nd7 15.
Bh2 Bd6 16. Bxd6 Qxd6 17. f4 b5 18. a3 Rfe8 19. Qe1 a5 20. g4 Be4 21. Nxe4 dxe4
22. f5 Nf6 23. g5 Nd5 24. Bg4 exf5 25. Bxf5 Rc7 26. Qh4 g6 27. Bxe4 Rce7 28.
Bxd5 Qxd5 29. Rae1 Rxe3 30. Rxe3 Rxe3 31. Qg4 b4 1/2-1/2

[Event "SF Gerresheim 1 - Bochumer SV 1"]
[Site "Oberliga NRW 2017/2018"]
[Date "2018.03.11"]
[Round "7.6"]
[White "Selten, Jan"]
[Black "Kiese, Matthias"]
[Result "0-1"]
[WhiteElo "2078"]
[BlackElo "2199"]
[Annotator "Daniel"]
[PlyCount "68"]
[EventDate "2018.??.??"]
[WhiteTeam "SF Gerresheim 1"]
[BlackTeam "Bochumer SV 1"]

1. e4 c5 2. Nf3 d6 3. Bb5+ Bd7 4. Bxd7+ Qxd7 5. O-O Nf6 6. Re1 Nc6 7. c3 e6 8.
d4 cxd4 9. cxd4 d5 10. e5 Ne4 11. Nbd2 Nxd2 12. Bxd2 Be7 13. h4 O-O 14. a3 Rfc8
15. b4 a6 16. Rc1 Na7 17. Qb3 Rxc1 18. Rxc1 $11 Rc8 19. Qd3 Rxc1+ 20. Bxc1 Qc6
21. Bg5 Bf8 22. Kf1 Qa4 23. Bc1 h6 24. g4 Nb5 25. g5 a5 26. gxh6 gxh6 27. Ne1
axb4 28. Qg3+ Kh8 29. Qf3 bxa3 30. Qxf7 Qc4+ 31. Kg2 Bg7 32. Bxh6 Bxh6 33. Qxe6
Qc6 34. Qf7 Nxd4 0-1

[Event "SF Gerresheim 1 - Bochumer SV 1"]
[Site "Oberliga NRW 2017/2018"]
[Date "2018.03.11"]
[Round "7.7"]
[White "Jellinghaus, Lars"]
[Black "Sponheim, Marko"]
[Result "1/2-1/2"]
[WhiteElo "2109"]
[BlackElo "2058"]
[PlyCount "92"]
[EventDate "2018.??.??"]
[WhiteTeam "Bochumer SV 1"]
[BlackTeam "SF Gerresheim 1"]

1. d4 Nf6 2. c4 c5 3. d5 b5 4. Nd2 bxc4 5. e4 c3 6. bxc3 d6 7. Ngf3 g6 8. Bb5+
Bd7 9. Bd3 Bg7 10. Qc2 O-O 11. O-O Bg4 12. h3 Bxf3 13. Nxf3 Nbd7 14. Re1 Nb6
15. a4 a6 16. Bf4 e6 17. a5 Nc8 18. dxe6 fxe6 19. Ng5 Re8 20. Bc4 d5 21. Rad1
h6 22. Nf3 Ne7 23. exd5 exd5 24. Bd3 g5 25. Bh2 Qxa5 26. Bg6 Nxg6 27. Qxg6 Qb6
28. h4 g4 29. Ne5 Qe6 30. Nd3 Ne4 31. Qxe6+ Rxe6 32. Nf4 Ree8 33. Nxd5 Nxc3 34.
Nxc3 Bxc3 35. Rxe8+ Rxe8 36. Kf1 a5 37. Bf4 h5 38. Be3 Re5 39. Rd7 Bb4 40. Ke2
a4 41. Kd3 a3 42. Ra7 Kf8 43. Bc1 Rf5 44. Ke2 Re5+ 45. Kd3 Rf5 46. Ke2 Re5+
1/2-1/2

[Event "SF Gerresheim 1 - Bochumer SV 1"]
[Site "Oberliga NRW 2017/2018"]
[Date "2018.03.11"]
[Round "7.8"]
[White "Angermuende, Dirk"]
[Black "Pewny, Uwe"]
[Result "0-1"]
[WhiteElo "1924"]
[BlackElo "2172"]
[PlyCount "90"]
[EventDate "2018.??.??"]
[WhiteTeam "SF Gerresheim 1"]
[BlackTeam "Bochumer SV 1"]

1. e4 d6 2. d4 Nf6 3. Nc3 Nbd7 4. Nf3 e5 5. Be3 Be7 6. Be2 c6 7. a4 a5 8. O-O
O-O 9. h3 Re8 10. Qd2 exd4 11. Nxd4 Nc5 12. Bf3 Bf8 13. Bg5 h6 14. Bh4 Nfxe4
15. Qf4 g5 16. Nxe4 Nxe4 17. Bxe4 gxf4 18. Bxd8 Rxe4 19. Bf6 Bd7 20. b3 Rae8
21. Rac1 d5 22. Nf3 Bf5 23. Bc3 b6 24. Rfd1 Bg6 25. Re1 c5 26. Kf1 d4 27. Bd2
Bd6 28. Rxe4 Bxe4 29. Ne1 Bb7 30. Nd3 f3 31. gxf3 Kh7 32. Re1 Rg8 33. Bf4 Bxf4
34. Nxf4 Bxf3 35. Re7 Bd1 36. Rxf7+ Rg7 37. Rf6 Rb7 38. Nd5 Bxc2 39. Nxb6 Bxb3
40. Ke1 c4 41. Kd2 c3+ 42. Kd3 c2 43. Kd2 Rc7 44. Kc1 Re7 45. Rc6 Re1+ 0-1

[Event "Bahn-SC Wuppertal 1 - SG Porz 2"]
[Site "Oberliga NRW 2017/2018"]
[Date "2018.03.11"]
[Round "7.1"]
[White "Peschlow, Patrick"]
[Black "Savchenko, Vyacheslav"]
[Result "0-1"]
[WhiteElo "2312"]
[BlackElo "2372"]
[PlyCount "64"]
[EventDate "2018.??.??"]
[WhiteTeam "SG Porz 2"]
[BlackTeam "Bahn-SC Wuppertal 1"]

1. e4 c5 2. Nc3 a6 3. f4 b5 4. g3 Bb7 5. Bg2 e6 6. d3 d5 7. Qe2 Be7 8. Nf3 Nf6
9. e5 Nfd7 10. O-O g6 11. Bd2 Nc6 12. a4 Nb4 13. Be1 bxa4 14. Nxa4 Qc7 15. c3
Nc6 16. Bf2 Rb8 17. Rfe1 Na5 18. c4 Nb3 19. Ra3 dxc4 20. dxc4 Bc6 21. Nc3 Qb7
22. Ne4 O-O 23. Nfg5 Bxg5 24. fxg5 Bxe4 25. Bxe4 Qb6 26. Bg2 Nd4 27. Qe4 Rfc8
28. Rea1 Qxb2 29. Rxa6 Nxe5 30. R6a2 Qc3 31. Ra3 Rb3 32. Ra8 Rcb8 0-1

[Event "Bahn-SC Wuppertal 1 - SG Porz 2"]
[Site "Oberliga NRW 2017/2018"]
[Date "2018.03.11"]
[Round "7.2"]
[White "Biriukov, Nikolai"]
[Black "Fieberg, Samuel"]
[Result "1-0"]
[WhiteElo "2321"]
[BlackElo "2240"]
[PlyCount "47"]
[EventDate "2018.??.??"]
[WhiteTeam "Bahn-SC Wuppertal 1"]
[BlackTeam "SG Porz 2"]

1. Nf3 d5 2. c4 c6 3. g3 Nf6 4. Bg2 dxc4 5. a4 Qd5 6. O-O e5 7. Nc3 Qa5 8. d3
cxd3 9. exd3 Bd6 10. d4 e4 11. Nd2 Be6 12. Ndxe4 Nxe4 13. Nxe4 Be7 14. Bd2 Qd8
15. Nc5 Bxc5 16. dxc5 O-O 17. Bf4 Qa5 18. b4 Qxb4 19. Rb1 Qc4 20. Re1 Rc8 21.
Rxb7 Qxc5 22. Rxe6 fxe6 23. Qg4 Qf8 24. Be5 1-0

[Event "Bahn-SC Wuppertal 1 - SG Porz 2"]
[Site "Oberliga NRW 2017/2018"]
[Date "2018.03.11"]
[Round "7.3"]
[White "Liard, Thibaud"]
[Black "Savchenko, Aleksij"]
[Result "0-1"]
[WhiteElo "2177"]
[BlackElo "2260"]
[PlyCount "64"]
[EventDate "2018.??.??"]
[WhiteTeam "SG Porz 2"]
[BlackTeam "Bahn-SC Wuppertal 1"]

1. d4 Nf6 2. c4 e6 3. Nc3 Bb4 4. Qc2 c5 5. dxc5 Bxc5 6. Nf3 Nc6 7. a3 d5 8. b4
Be7 9. e3 dxc4 10. Bxc4 Bd7 11. Bb2 Rc8 12. Qe2 a6 13. O-O b5 14. Bb3 Qc7 15.
e4 Ng4 16. Nd5 exd5 17. exd5 O-O 18. h3 Nf6 19. Rac1 Qb7 20. Rfe1 Nxb4 21. axb4
Bxb4 22. Bxf6 Bxe1 23. Rxe1 gxf6 24. Qd3 Qc7 25. Re3 Rfe8 26. Rxe8+ Rxe8 27. d6
Qc1+ 28. Kh2 Qf4+ 29. Kg1 Bf5 30. Qd5 Be6 31. Qc6 Rc8 32. Qxa6 Rc1+ 0-1

[Event "Bahn-SC Wuppertal 1 - SG Porz 2"]
[Site "Oberliga NRW 2017/2018"]
[Date "2018.03.11"]
[Round "7.4"]
[White "Bashilin, Roman"]
[Black "Suvorov, Alexander"]
[Result "1/2-1/2"]
[WhiteElo "2221"]
[BlackElo "2146"]
[PlyCount "63"]
[EventDate "2018.??.??"]
[WhiteTeam "Bahn-SC Wuppertal 1"]
[BlackTeam "SG Porz 2"]

1. d4 d5 2. Nf3 e6 3. Bf4 c5 4. c3 Qb6 5. Qb3 Nf6 6. h3 Nc6 7. e3 Be7 8. Nbd2
O-O 9. Be2 Bd7 10. O-O Rfc8 11. Rfe1 Na5 12. Qxb6 axb6 13. Ne5 Be8 14. Bd3 cxd4
15. exd4 b5 16. a3 Nc4 17. Bxc4 dxc4 18. Bg5 Bf8 19. Bxf6 gxf6 20. Ng4 Kg7 21.
Ne3 Bc6 22. f4 Rd8 23. Ndf1 Bd6 24. g3 Bc7 25. Rad1 Bb6 26. Kh2 Rd7 27. Rd2
Rad8 28. Rf2 Bc7 29. h4 Rg8 30. Nc2 Bd6 31. Nd2 f5 32. Ne3 1/2-1/2

[Event "Bahn-SC Wuppertal 1 - SG Porz 2"]
[Site "Oberliga NRW 2017/2018"]
[Date "2018.03.11"]
[Round "7.5"]
[White "Suvorov, Luca"]
[Black "Ries, Benjamin"]
[Result "0-1"]
[WhiteElo "2138"]
[BlackElo "2198"]
[PlyCount "84"]
[EventDate "2018.??.??"]
[WhiteTeam "SG Porz 2"]
[BlackTeam "Bahn-SC Wuppertal 1"]

1. d4 d5 2. c4 c6 3. Nc3 Nf6 4. e3 Bf5 5. Qb3 Qb6 6. Nf3 e6 7. Bd2 Nbd7 8. Qxb6
axb6 9. Nh4 Bg4 10. h3 Bh5 11. g4 Bg6 12. Nxg6 hxg6 13. cxd5 exd5 14. Bg2 b5
15. O-O b4 16. Ne2 Nb6 17. b3 Kd7 18. f3 Be7 19. Nc1 Ra3 20. Be1 Rha8 21. Rf2
Ne8 22. Rb2 c5 23. dxc5 Bf6 24. Rab1 Bxb2 25. Rxb2 Nc8 26. Bxb4 R3a6 27. Rd2
Nc7 28. a4 Re6 29. e4 Ne7 30. f4 Ke8 31. e5 g5 32. Bc3 gxf4 33. Nd3 g5 34. h4
gxh4 35. Nxf4 Rc6 36. Bd4 Kd7 37. Bf2 Rg8 38. Bf3 f5 39. exf6 Rxf6 40. Bxd5
Ncxd5 41. Nxd5 Rxg4+ 42. Kh2 Rxf2+ 0-1

[Event "Bahn-SC Wuppertal 1 - SG Porz 2"]
[Site "Oberliga NRW 2017/2018"]
[Date "2018.03.11"]
[Round "7.7"]
[White "Paulus, Jeffrey"]
[Black "Tueckmantel, Rene"]
[Result "1/2-1/2"]
[WhiteElo "2011"]
[BlackElo "2114"]
[PlyCount "56"]
[EventDate "2018.??.??"]
[WhiteTeam "SG Porz 2"]
[BlackTeam "Bahn-SC Wuppertal 1"]

1. d4 d5 2. c4 e6 3. Nc3 c5 4. cxd5 exd5 5. Nf3 Nc6 6. g3 c4 7. Bg2 Bb4 8. Qc2
Nge7 9. O-O O-O 10. e4 dxe4 11. Nxe4 Bf5 12. Bg5 Qd5 13. Ne5 Nxd4 14. Qxc4 Bxe4
15. Bxe7 Bxg2 16. Bxb4 Qxc4 17. Nxc4 Bxf1 18. Rxf1 Rfc8 19. Nd6 Rc2 20. Kg2 Ne6
21. Bc3 Nc5 22. Nf5 Na4 23. Nd4 Rxc3 24. bxc3 Nxc3 25. a3 Rd8 26. Rc1 Nd5 27.
Nb5 a6 28. Nd6 b6 1/2-1/2

[Event "Bahn-SC Wuppertal 1 - SG Porz 2"]
[Site "Oberliga NRW 2017/2018"]
[Date "2018.03.11"]
[Round "7.8"]
[White "Savchenko, Daniel"]
[Black "Lytchak, Boris"]
[Result "0-1"]
[WhiteElo "2111"]
[BlackElo "2088"]
[Annotator "Daniel"]
[PlyCount "94"]
[EventDate "2018.??.??"]
[WhiteTeam "Bahn-SC Wuppertal 1"]
[BlackTeam "SG Porz 2"]

1. e4 e5 2. Nf3 Nc6 3. Bb5 a6 4. Ba4 Nf6 5. d4 exd4 6. O-O Be7 7. Re1 b5 8. Bb3
d6 9. Bd5 Nxd5 10. exd5 Ne5 11. Nxd4 Bg4 12. f3 Bd7 13. Nd2 O-O 14. b3 Re8 15.
Bb2 Bf8 16. Ne4 c5 17. dxc6 Nxc6 18. Kh1 Rc8 19. Ne2 Be6 20. Qd2 d5 21. Ng5 Bf5
22. Ng3 Bg6 23. Rxe8 Qxe8 24. Re1 Qd8 25. c3 d4 26. N5e4 dxc3 27. Qxd8 Rxd8 28.
Bxc3 b4 29. Ba1 $11 f5 30. Nf2 Bc5 31. Nh3 Rd2 32. Nf4 Rxa2 33. Ne6 Bf8 34. Ne2
Bf7 35. N2d4 Bxe6 36. Nxe6 Na5 37. Nd4 g6 38. Rb1 Bc5 39. h3 Ra3 40. Bb2 Bxd4
41. Bxd4 Rxb3 42. Rc1 Rd3 43. Bb6 Rd5 44. Rb1 Nc6 45. Rc1 b3 46. Rb1 Rb5 47.
Bc7 a5 0-1

[Event "SV Wattenscheid 1 - SG Porz 2"]
[Site "Oberliga NRW 2017/2018"]
[Date "2018.04.08"]
[Round "8.1"]
[White "Fieberg, Samuel"]
[Black "Koscielski, Janusz"]
[Result "0-1"]
[WhiteElo "2240"]
[BlackElo "2280"]
[Annotator "Daniel"]
[PlyCount "92"]
[EventDate "2018.??.??"]
[WhiteTeam "SG Porz 2"]
[BlackTeam "SV Wattenscheid 1"]

1. e4 c5 2. Nf3 d6 3. d4 cxd4 4. Nxd4 Nf6 5. Nc3 a6 $11 6. g3 e5 7. Nde2 Be7 8.
Bg2 O-O 9. O-O Nbd7 10. a4 b6 11. Be3 Bb7 12. Nd5 Nxd5 13. exd5 a5 14. c4 Nc5
15. Qc2 Qd7 16. b3 g6 17. Rad1 f5 18. f4 Bf6 19. Kh1 Rfe8 20. fxe5 dxe5 21.
Bxc5 bxc5 22. g4 f4 23. Bf3 e4 24. Bxe4 Qe7 25. Bf3 g5 26. h4 Qg7 27. h5 Re3
28. Kg2 Rae8 29. Rd3 Rxd3 30. Qxd3 Re3 31. Qc2 Qe7 32. Rf2 Bd4 33. Qd2 Bf6 34.
Kf1 Qd7 35. Qc2 Bc8 36. h6 Rxf3 37. Rxf3 Qxg4 38. Qe4 Bd7 39. d6 Qf5 40. Qxf5
Bxf5 41. Nxf4 gxf4 42. Rxf4 Bh3+ 43. Ke2 Kf7 44. Kd3 Ke6 45. d7 Bf5+ 46. Ke2
Ke5 0-1

[Event "SV Wattenscheid 1 - SG Porz 2"]
[Site "Oberliga NRW 2017/2018"]
[Date "2018.04.08"]
[Round "8.2"]
[White "Wengenroth, Walter"]
[Black "Liard, Thibaud"]
[Result "1/2-1/2"]
[WhiteElo "2250"]
[BlackElo "2177"]
[Annotator "Daniel"]
[PlyCount "114"]
[EventDate "2018.??.??"]
[WhiteTeam "SV Wattenscheid 1"]
[BlackTeam "SG Porz 2"]

1. e4 c5 2. Nf3 d6 3. d4 cxd4 4. Nxd4 Nf6 5. f3 Nc6 6. c4 e6 7. Nc3 a6 8. Be3
d5 9. cxd5 exd5 10. Nxc6 bxc6 11. exd5 Nxd5 12. Nxd5 cxd5 13. Qd4 Be7 14. Qxg7
Bf6 15. Qh6 Bxb2 16. Rd1 Be6 17. Bd3 Qf6 18. O-O Qxh6 19. Bxh6 Ke7 20. Rfe1 Kd6
21. Bf4+ Kc5 22. Re2 Bc3 23. Rc2 d4 24. Be5 Rhd8 25. Bf6 Rdc8 26. Bxh7 Bc4 27.
h4 Rab8 28. Bf5 Rc6 29. Bg7 Rg8 30. Be5 f6 31. Bf4 Rh8 32. g3 Rb6 33. Rxc3 dxc3
34. Be3+ Kc6 35. Be4+ Kc7 36. Bxb6+ Kxb6 37. Rc1 Bxa2 38. Rxc3 a5 39. Rc6+ Kb5
40. Rxf6 Bb3 41. Kh2 a4 42. Bc6+ Kc5 43. Bxa4 Bxa4 44. Kh3 Bd7+ 45. g4 Kd5 46.
Kg3 Ke5 47. Rb6 Rc8 48. h5 Rc6 $11 49. f4+ Kf6 50. Rxc6+ Bxc6 51. Kh4 Be4 52.
Kg3 Bd5 53. Kf2 Be6 54. Kf3 Bd5+ 55. Ke3 Be6 56. g5+ Kf5 57. g6 Kf6 1/2-1/2

[Event "SV Wattenscheid 1 - SG Porz 2"]
[Site "Oberliga NRW 2017/2018"]
[Date "2018.04.08"]
[Round "8.3"]
[White "Suvorov, Alexander"]
[Black "Franke, Johannes"]
[Result "0-1"]
[WhiteElo "2132"]
[BlackElo "2265"]
[PlyCount "76"]
[EventDate "2018.??.??"]
[WhiteTeam "SG Porz 2"]
[BlackTeam "SV Wattenscheid 1"]

1. d4 c5 2. d5 e5 3. c4 d6 4. Nc3 Be7 5. g3 Nf6 6. Bg2 O-O 7. Nf3 Ne8 8. e4 Bg4
9. O-O Bxf3 10. Qxf3 Bg5 11. h4 Bxc1 12. Rfxc1 Qe7 13. a3 g6 14. b4 Na6 15.
Rab1 Ng7 16. Bh3 f5 17. b5 Nb8 18. Re1 Nd7 19. a4 Rf7 20. exf5 gxf5 21. Qe2 Qf6
22. Rbc1 e4 23. f4 exf3 24. Qxf3 Ne5 25. Qe2 Qg6 26. Kh2 f4 27. gxf4 Rxf4 28.
Rg1 Qf6 29. Ne4 Qxh4 30. Qg2 Ng6 31. Rce1 Raf8 32. Re2 Nf5 33. Qg5 Rxe4 34.
Rxe4 Qxe4 35. Rf1 Qe5+ 36. Kg1 Qe3+ 37. Qxe3 Nxe3 38. Re1 Nxc4 0-1